LEADER 00811nam a2200193 i 4500 001 000000214074 003 CaOOAMICUS 005 20120621000000.0 008 120621s1913 it u000 u ita u 013 $a192929 040 $aSeMil$bita 245 10$aSanta Caterina del Sasso :$bsul lago Maggiore. 260 $aMilano :$bTip. Pontificia e Arcivescovile S. Giuseppe,$c1913. 300 $a60 p. ;$c17 cm. 650 4$aLeggiuno - Eremo di Santa Caterina del Sasso Ballaro.$0(OLS)http://semarc/subject/6494 850 $aSeMil 852 $aSeMil$W1$xVenegono$y1$m3P I 77$j164502$B164502$CSeMilBibl$Z2$F175494 $81 996 $6245$aSanta Caterina del Sasso :$bsul lago Maggiore$9(OLS)http://semarc/title/308545 996 $6260$aMilano :$bTip. Pontificia e Arcivescovile S. Giuseppe$9(OLS)http://semarc/publisher/37567 LEADER 01138nam a2200229 i 4500 001 000000182776 003 CaOOAMICUS 005 20150219000000.0 008 150219s1857 it u000 u ita u 013 $a160737 040 $aSeMil$bita 100 1 $aMargotti, Giacomo .$0(OLS)http://semarc/name/13794 245 13$aLe vittorie della Chiesa nel primo decennio del pontificato di Pio nono /$cdel sacerdote Giacomo Margotti,. 260 $aTorino :$bTipografia dir. da P. De Agostini,$c1857. 300 $a518 p. ;$c20 cm. 500 $aSegue : Appendice documentaria. 600 04$aPio IX .$0(OLS)http://semarc/subject/251 850 $aSeMil 852 $aSeMil$W1$xVenegono$y1$m3D II 80 FA$j133480$B133480$CSeMilBibl$Z2$F200281 $8I 852 $aSeMil$W1$xVenegono$y1$mMM A 145$j224957$qCD-ROM: riproduzione integrale di 3D II 80 FA$B235898$CSeMilBibl$Z2$F235898 $8I 996 $6245$aLe vittorie della Chiesa nel primo decennio del pontificato di Pio nono$9(OLS)http://semarc/title/262266 996 $6260$aTorino :$bTipografia dir. da P. De Agostini$9(OLS)http://semarc/publisher/49667